<?xml version="1.0" encoding="UTF-8"?>
<collection xmlns="http://www.loc.gov/MARC21/slim">
 <record>
  <leader>07979nam a2200481 a 4500</leader>
  <controlfield tag="001">kal563</controlfield>
  <controlfield tag="003">Gr-AtHEAL</controlfield>
  <controlfield tag="005">20160426104731.0</controlfield>
  <controlfield tag="006">m        d        </controlfield>
  <controlfield tag="008">160413s2015    gr      s           gre|c</controlfield>
  <datafield tag="020" ind1=" " ind2=" ">
   <subfield code="a">9789606031755</subfield>
  </datafield>
  <datafield tag="040" ind1=" " ind2=" ">
   <subfield code="a">GR-AtHEAL</subfield>
   <subfield code="b">gre</subfield>
   <subfield code="c">GR-AtHEAL</subfield>
  </datafield>
  <datafield tag="082" ind1="0" ind2="4">
   <subfield code="a">307.1</subfield>
   <subfield code="2">23</subfield>
  </datafield>
  <datafield tag="100" ind1="1" ind2=" ">
   <subfield code="a">Αθανασίου, Ευαγγελία.</subfield>
   <subfield code="8">1946</subfield>
  </datafield>
  <datafield tag="245" ind1="1" ind2="0">
   <subfield code="a">Πόλη και φύση</subfield>
   <subfield code="h">[Ηλεκτρονικός πόρος] </subfield>
   <subfield code="b">Θεωρήσεις της φύσης στον πολεοδομικό σχεδιασμό</subfield>
   <subfield code="c">Αθανασίου, Ευαγγελία ; Κριτικός αναγνώστης,Χριστοδούλου, Χαρίκλεια.</subfield>
  </datafield>
  <datafield tag="260" ind1=" " ind2=" ">
   <subfield code="a">Αθήνα :</subfield>
   <subfield code="b">Σύνδεσμος Ελληνικών Ακαδημαϊκών Βιβλιοθηκών,</subfield>
   <subfield code="c">c2015.</subfield>
  </datafield>
  <datafield tag="490" ind1=" " ind2=" ">
   <subfield code="a">Ακαδημαϊκά Ηλεκτρονικά Συγγράμματα και Βοηθήματα Κάλλιπος</subfield>
   <subfield code="8">40</subfield>
  </datafield>
  <datafield tag="505" ind1="0" ind2=" ">
   <subfield code="a">Κεφάλαιο 1. Καταβολές και μετατοπίσεις στο περιβαλλοντικό κίνημα: Από την φυσιολατρία στην αστική ανθεκτικότητα1.1.Η πόλη και οι απαρχές του περιβαλλοντικού κινήματος 1.2. «Οικοτοπία» και τα «όρια της ανάπτυξης» 1.3.Βιώσιμη ανάπτυξη1.4.Κλιματική αλλαγή και αστική ανθεκτικότητα Κεφάλαιο 2. Από την κηπούπολη στην «πόλη-οικοσύστημα» 2.1.Κηπούπολη: ο τρίτος μαγνήτης 2.2.Η φύση στην πόλη-μηχανή 2.3.Βιολογικές μεταφορές 2.4.Η βιώσιμη πόλη 2.5.Η πόλη ως οικοσύστημα: ξανασχεδιάζοντας τον αστικό μεταβολισμό2.6.Ζητήματα της αστικής ανθεκτικότηταςΚεφάλαιο 3 Βιώσιμες αστικές μορφές και μετασχηματισμοί της υπάρχουσας πόλης3.1 Συμπαγής πόλη και έξυπνη ανάπτυξη3.2 Η γειτονιά ως μονάδα αλλαγής3.3 Η επιστροφή στην αστικότητα: Brownfields και &quot;πράσινες&quot; γειτονιές3.4 Μετασχηματίζοντας την υπάρχουσα πόληΚεφάλαιο 4. Κριτικές προσεγγίσεις της αστικής βιωσιμότητας4.1 Οικουμενικές διαστάσεις της αστικής βιωσιμότητας4.2 Ο διαχωρισμός της φύσης απο την κοινωνία4.3 Αστική πολιτική οικολογία4.4 Περιβαλλοντική δικαιοσύνη και ο περιβαλλοντισμός των φτωχώνΚεφάλαιο 5 Βιώσιμη αστική ανάπτυξη στην Ελλάδα5.1&quot;Greek sprawl&quot; και αστικοποίηση &quot;εκτός σχεδίου&quot;5.2 Το θεσμικό πλαίσιο της αστικής βιωσιμότητας5.3 Η &quot;πράσινη&quot; ταυτότητα της Θεσσαλονίκης</subfield>
  </datafield>
  <datafield tag="520" ind1=" " ind2=" ">
   <subfield code="a">Το βιβλίο πραγματεύεται τις μεταλλασσόμενες θεωρήσεις της σχέσης της πόλης με τη φύση στον πολεοδομικό σχεδιασμό. Στο πρώτο κεφάλαιο ανιχνεύονται οι καταβολές των εννοιών της αστικής βιωσιμότητας και της ανθεκτικότητας σε πρώιμες εκφάνσεις του περιβαλλοντικού κινήματος και αναδεικνύονται σημαντικές σύγχρονες μετατοπίσεις. Το δεύτερο κεφάλαιο εστιάζει στον τρόπο που εννοιολογείται η φύση και επιδιώκεται η ένταξη ή η σύξευξή της με την πόλη στον πολεοδομικό σχεδιασμό. Η συζήτηση για τη βιώσιμη και ανθεκτική πόλη αναλύεται στις επιμέρους θεματικές της και καταγράφονται ενδεικτικά στοιχεία της περιβαλλοντικής προσέγγισης σε κάθε θεματική. Στο τρίτο κεφάλαιο δίνεται έμφαση στην διερεύνηση των αστικών μορφών που προωθούνται ως βιώσιμες. Παρουσιάζονται υλοποιημένα παραδείγματα νέων γειτονιών και υπαρχουσών πόλεων που επιδιώκουν μία νέα σχέση με το περιβάλλον μέσα από συνολικές και πολυεπίπεδες αστικές στρατηγικές. Στο τέταρτο κεφάλαιο συζητώνται κριτικές προσεγγίσεις στη σύγχρονη αντίληψη της σχέσης της πόλης με τη φύση, με έμφαση στον σύγχρονο λόγο της αστικής πολιτικής οικολογίας. Η κριτική εκκινεί από μία διαφορετική εννοιολόγηση της φύσης που αμφισβητεί τον διανοητικό διαχωρισμό της από την κοινωνία. Στο πλαίσιο μιας τέτοιας εννοιολόγησης αναδεικνύονται οι πολιτικές διαστάσεις των περιβαλλοντικών προβλημάτων της πόλης. Τέλος, στο πέμπτο κεφάλαιο του βιβλίου φωτίζονται πτυχές της σχέσης της ελληνικής αστικοποίησης με το περιβάλλον όπως αυτές αναδεικνύονται μέσα από τη μελέτη της επίσημης κρατικής πολιτικής, του θεσμικού πλαισίου της πολεοδομίας και μεμονωμένων αστικών πολιτικών και παρεμβάσεων.</subfield>
  </datafield>
  <datafield tag="650" ind1=" " ind2="0">
   <subfield code="a">Urban policy</subfield>
   <subfield code="8">2510</subfield>
  </datafield>
  <datafield tag="650" ind1=" " ind2="0">
   <subfield code="a">City planning</subfield>
   <subfield code="x">Environmental aspects</subfield>
   <subfield code="8">2507</subfield>
  </datafield>
  <datafield tag="653" ind1=" " ind2=" ">
   <subfield code="a">Κρίση</subfield>
  </datafield>
  <datafield tag="653" ind1=" " ind2=" ">
   <subfield code="a">Θεσσαλονίκη</subfield>
  </datafield>
  <datafield tag="653" ind1=" " ind2=" ">
   <subfield code="a">Περιβαλλοντική δικαιοσύνη</subfield>
  </datafield>
  <datafield tag="653" ind1=" " ind2=" ">
   <subfield code="a">Αστική πολιτική οικολογία</subfield>
  </datafield>
  <datafield tag="653" ind1=" " ind2=" ">
   <subfield code="a">Περιβαλλοντικά φιλικές γειτονιές</subfield>
  </datafield>
  <datafield tag="653" ind1=" " ind2=" ">
   <subfield code="a">Νέα πολεοδομία</subfield>
  </datafield>
  <datafield tag="653" ind1=" " ind2=" ">
   <subfield code="a">Αστικός μεταβολισμός</subfield>
  </datafield>
  <datafield tag="653" ind1=" " ind2=" ">
   <subfield code="a">Ανθεκτικές πόλεις</subfield>
  </datafield>
  <datafield tag="653" ind1=" " ind2=" ">
   <subfield code="a">Φύση</subfield>
  </datafield>
  <datafield tag="653" ind1=" " ind2=" ">
   <subfield code="a">Αστική διάχυση</subfield>
  </datafield>
  <datafield tag="653" ind1=" " ind2=" ">
   <subfield code="a">Συμπαγής πόλη</subfield>
  </datafield>
  <datafield tag="653" ind1=" " ind2=" ">
   <subfield code="a">Πολεοδομικός σχεδιασμός</subfield>
  </datafield>
  <datafield tag="653" ind1=" " ind2=" ">
   <subfield code="a">Περιβαλλοντικός σχεδιασμός</subfield>
  </datafield>
  <datafield tag="653" ind1=" " ind2=" ">
   <subfield code="a">Βιώσιμες πόλεις</subfield>
  </datafield>
  <datafield tag="653" ind1=" " ind2=" ">
   <subfield code="a">Τεχνολογία και επιστήμες μηχανικών</subfield>
   <subfield code="a">Χωροταξία/περιφερειακός σχεδιασμός - Πολεοδομία/αστικός σχεδιασμός</subfield>
   <subfield code="a">Πολεοδομικός σχεδιασμός μικροκλίμακας</subfield>
  </datafield>
  <datafield tag="653" ind1=" " ind2=" ">
   <subfield code="a">Τεχνολογία και επιστήμες μηχανικών</subfield>
   <subfield code="a">Χωροταξία/περιφερειακός σχεδιασμός - Πολεοδομία/αστικός σχεδιασμός</subfield>
  </datafield>
  <datafield tag="700" ind1="1" ind2=" ">
   <subfield code="a">Χριστοδούλου, Χαρίκλεια</subfield>
   <subfield code="e">Κριτικός αναγνώστης</subfield>
   <subfield code="8">1947</subfield>
  </datafield>
  <datafield tag="856" ind1="4" ind2="0">
   <subfield code="u">http://hdl.handle.net/11419/563</subfield>
   <subfield code="z">Πλήρες Κείμενο - Full text</subfield>
  </datafield>
  <datafield tag="907" ind1=" " ind2=" ">
   <subfield code="a">.b25677834</subfield>
   <subfield code="b">12-06-18</subfield>
   <subfield code="c">29-07-16</subfield>
  </datafield>
  <datafield tag="949" ind1=" " ind2=" ">
   <subfield code="0">0</subfield>
   <subfield code="1">0</subfield>
   <subfield code="2">ddc</subfield>
   <subfield code="4">0</subfield>
   <subfield code="6">307_100000000000000_ΑΘΑ</subfield>
   <subfield code="7">0</subfield>
   <subfield code="8">KALL</subfield>
   <subfield code="8">541</subfield>
   <subfield code="d">2016-04-13</subfield>
   <subfield code="r">2016-04-13</subfield>
   <subfield code="w">2016-04-13</subfield>
   <subfield code="z">307.1 ΑΘΑ</subfield>
   <subfield code="o">SEAB KALLIPOS</subfield>
  </datafield>
  <datafield tag="998" ind1=" " ind2=" ">
   <subfield code="a">80</subfield>
   <subfield code="a">01</subfield>
   <subfield code="a">02</subfield>
   <subfield code="a">03</subfield>
   <subfield code="a">04</subfield>
   <subfield code="a">05</subfield>
   <subfield code="a">06</subfield>
   <subfield code="a">07</subfield>
   <subfield code="a">08</subfield>
   <subfield code="a">09</subfield>
   <subfield code="a">10</subfield>
   <subfield code="a">11</subfield>
   <subfield code="a">12</subfield>
   <subfield code="a">13</subfield>
   <subfield code="a">14</subfield>
   <subfield code="a">15</subfield>
   <subfield code="a">16</subfield>
   <subfield code="a">17</subfield>
   <subfield code="a">18</subfield>
   <subfield code="a">19</subfield>
   <subfield code="a">20</subfield>
   <subfield code="a">21</subfield>
   <subfield code="a">22</subfield>
   <subfield code="a">23</subfield>
   <subfield code="a">24</subfield>
   <subfield code="a">25</subfield>
   <subfield code="a">26</subfield>
   <subfield code="b">11-05-17</subfield>
   <subfield code="c">m</subfield>
   <subfield code="d">z  </subfield>
   <subfield code="e">-</subfield>
   <subfield code="f">gre</subfield>
   <subfield code="g">gr </subfield>
   <subfield code="h">0</subfield>
  </datafield>
  <datafield tag="942" ind1=" " ind2=" ">
   <subfield code="2">ddc</subfield>
   <subfield code="c">KALLIPOS</subfield>
  </datafield>
 </record>
</collection>
